[Event "Titled Tuesday intern op 27th Feb Late"]
[Site "Chess.com INT"]
[Date "2024.02.27"]
[Round "9"]
[White "Novikova, Margarita"]
[Black "Figorito, Nick"]
[Result "0-1"]
[WhiteElo "1999"]
[BlackElo "2036"]
[PlyCount "52"]
[EventDate "2024.02.27"]
[EventType "swiss (blitz)"]
[EventRounds "11"]
[EventCountry "USA"]
[SourceTitle "CB10_2024"]
[SourceDate "2024.03.06"]
[SourceVersion "1"]
[SourceVersionDate "2024.03.06"]
[SourceQuality "1"]

1. e4 e6 2. d4 d5 3. exd5 exd5 4. Bd3 Bd6 5. Nf3 Ne7 6. Kf1 0-0 7. h3 Bf5 8. g3 c6 9. Kg2 Nd7 10. Re1 Bxd3 11. Qxd3 Nf6 12. c3 Ne4 13. Nbd2 f5 14. Nf1 Ng6 15. h4 f4 16. h5 Ne7 17. Ne5 fxg3 18. fxg3 Nf5 19. Bf4 a5 20. Nd2 Nf6 21. h6 Nxh6 22. Bxh6 gxh6 23. Ndf3 Ne4 24. Rh1 Bxe5 25. dxe5 Qb6 26. Rae1 Qf2+ 0-1

[Event "Titled Tuesday intern op 13th Feb Late"]
[Site "Chess.com INT"]
[Date "2024.02.13"]
[Round "10"]
[White "Mena, Martin"]
[Black "Figorito, Nick"]
[Result "1-0"]
[WhiteElo "2032"]
[BlackElo "2036"]
[PlyCount "103"]
[EventDate "2024.02.13"]
[EventType "swiss (blitz)"]
[EventRounds "11"]
[EventCountry "USA"]
[SourceTitle "CB08_2024"]
[SourceDate "2024.02.21"]
[SourceVersion "1"]
[SourceVersionDate "2024.02.21"]
[SourceQuality "1"]

1. c4 Nf6 2. g3 g6 3. Bg2 Bg7 4. Nc3 0-0 5. d3 c5 6. Bg5 Nc6 7. Qd2 d6 8. e4 Nd4 9. Nge2 Ne8 10. 0-0 Nc7 11. Bh6 Nxe2+ 12. Nxe2 Ne6 13. Bxg7 Kxg7 14. f4 Qb6 15. f5 Nd4 16. Nxd4 cxd4 17. g4 f6 18. g5 Bd7 19. Rae1 a5 20. Qf4 Qxb2 21. Rb1 Qe2 22. Rxb7 Rad8 23. gxf6+ Rxf6 24. Qg3 Qe3+ 25. Qxe3 dxe3 26. fxg6 Rxf1+ 27. Kxf1 Rf8+ 28. Ke2 Rf2+ 29. Kxe3 Rxg2 30. Rxd7 Rxa2 31. gxh7 Kxh7 32. Rxe7+ Kg8 33. Ra7 Rxh2 34. Rxa5 Kf7 35. Kd4 Ke6 36. Rg5 Rh6 37. Rg8 Kf7 38. Rc8 Ke7 39. Rb8 Rh5 40. Rb7+ Ke6 41. Rb6 Ke7 42. Kc3 Rh3 43. Rb3 Rh5 44. Kd2 Rh2+ 45. Ke3 Rh3+ 46. Kf4 Ke6 47. Kg4 Re3 48. Kf4 Rh3 49. Ra3 Kf6 50. Kg4 Re3 51. Kh5 Ke5 52. Kh4 1-0

[Event "Titled Tuesday intern op 19th Dec Early"]
[Site "Chess.com INT"]
[Date "2023.12.19"]
[Round "10"]
[White "Figorito, Nick"]
[Black "Yarullina, Alina"]
[Result "1-0"]
[WhiteElo "2036"]
[BlackElo "2084"]
[PlyCount "87"]
[EventDate "2023.12.19"]
[EventType "swiss (blitz)"]
[EventRounds "11"]
[EventCountry "USA"]
[SourceTitle "CB52_2023"]
[SourceDate "2023.12.27"]
[SourceVersion "1"]
[SourceVersionDate "2023.12.27"]
[SourceQuality "1"]

1. Nf3 d5 2. g3 Nf6 3. Bg2 e6 4. 0-0 Be7 5. d4 0-0 6. c4 dxc4 7. Ne5 Nc6 8. Nxc6 bxc6 9. Bxc6 Rb8 10. Bg2 c5 11. dxc5 Bxc5 12. Qc2 Qc7 13. Bf4 e5 14. Bg5 Ne8 15. Nc3 Be6 16. Nd5 Qa5 17. Bd2 Qd8 18. e4 Bd4 19. Bc3 Nc7 20. Bxd4 exd4 21. Qxc4 Rxb2 22. Qxd4 Rb7 23. Rfd1 Bxd5 24. exd5 Nb5 25. Qd3 Nd6 26. Rab1 Rxb1 27. Rxb1 Qa5 28. Qb3 g6 29. h4 Re8 30. a3 Kg7 31. Qb4 Qc7 32. Qd4+ Kg8 33. h5 Nf5 34. Qf6 Qd6 35. Qxd6 Nxd6 36. hxg6 hxg6 37. Rc1 Re7 38. Rc6 Rd7 39. Bh3 Rd8 40. Bg2 Rd7 41. Ra6 Nb5 42. a4 Nc3 43. d6 Kf8 44. Rc6 1-0

[Event "Titled Tuesday intern op 19th Dec Early"]
[Site "Chess.com INT"]
[Date "2023.12.19"]
[Round "3"]
[White "Golubev, Mikhail"]
[Black "Figorito, Nick"]
[Result "1-0"]
[WhiteElo "2461"]
[BlackElo "2036"]
[PlyCount "51"]
[EventDate "2023.12.19"]
[EventType "swiss (blitz)"]
[EventRounds "11"]
[EventCountry "USA"]
[SourceTitle "CB52_2023"]
[SourceDate "2023.12.27"]
[SourceVersion "1"]
[SourceVersionDate "2023.12.27"]
[SourceQuality "1"]

1. e4 a6 2. a4 e6 3. Nf3 d5 4. exd5 exd5 5. d4 Bd6 6. Bd3 Ne7 7. 0-0 0-0 8. h3 Bf5 9. Bxf5 Nxf5 10. Qd3 Qd7 11. Nc3 c6 12. a5 h6 13. Na4 Qe6 14. Nb6 Ra7 15. Re1 Qf6 16. Bd2 Bc7 17. Bb4 Rd8 18. Re2 Nd7 19. Nxd7 Rxd7 20. Re8+ Kh7 21. g4 Rd8 22. Rae1 Raa8 23. Rxd8 Bxd8 24. Qxf5+ Qxf5 25. gxf5 Bf6 26. Be7 1-0

[Event "Titled Tuesday intern op 19th Sep Late"]
[Site "Chess.com INT"]
[Date "2023.09.19"]
[Round "6"]
[White "Figorito, Nick"]
[Black "Chlpik, Martin"]
[Result "0-1"]
[WhiteElo "2036"]
[BlackElo "2321"]
[PlyCount "100"]
[EventDate "2023.09.19"]
[EventType "swiss (blitz)"]
[EventRounds "11"]
[EventCountry "USA"]
[SourceTitle "EXT 2024"]
[Source "ChessBase"]
[SourceDate "2023.10.10"]
[SourceVersion "1"]
[SourceVersionDate "2023.10.10"]
[SourceQuality "1"]

1. Nf3 g6 2. g3 Bg7 3. Bg2 d6 4. 0-0 Nd7 5. c4 a6 6. Nc3 Rb8 7. a4 e6 8. b3 Ne7 9. Bb2 0-0 10. Qc2 Nc6 11. Rac1 Nb4 12. Qb1 c5 13. Qa1 b6 14. h4 h5 15. Ne4 Bxb2 16. Qxb2 Qe7 17. Nfg5 Bb7 18. Rfd1 f5 19. Nc3 Bxg2 20. Kxg2 Ne5 21. d4 Nf7 22. Nxf7 Rxf7 23. dxc5 bxc5 24. Qd2 Rd8 25. e3 Qb7+ 26. Kg1 g5 27. hxg5 h4 28. Qe2 Rh7 29. g4 h3 30. e4 h2+ 31. Kh1 Nc6 32. exf5 Nd4+ 33. Qe4 d5 34. cxd5 exd5 35. Qg2 Nxb3 36. Rxd5 Rxd5 37. Nxd5 Nxc1 38. g6 Re7 39. f6 Re1+ 40. Kxh2 Qb8+ 41. Kh3 Qb3+ 42. f3 Qxd5 43. f7+ Kg7 44. Qb2+ Qd4 45. Qxd4+ cxd4 46. f4 d3 47. f5 Rf1 48. Kh4 d2 49. g5 Rxf5 50. Kh5 d1Q+ 0-1

[Event "Titled Tuesday intern op 12th Sep Late"]
[Site "Chess.com INT"]
[Date "2023.09.12"]
[Round "2"]
[White "Maksimovic, Bojan"]
[Black "Figorito, Nick"]
[Result "1-0"]
[WhiteElo "2484"]
[BlackElo "2036"]
[PlyCount "101"]
[EventDate "2023.09.12"]
[EventType "swiss (blitz)"]
[EventRounds "11"]
[EventCountry "USA"]
[SourceTitle "EXT 2024"]
[Source "ChessBase"]
[SourceDate "2023.10.10"]
[SourceVersion "1"]
[SourceVersionDate "2023.10.10"]
[SourceQuality "1"]

1. a3 Nf6 2. c4 g6 3. b4 Bg7 4. Bb2 0-0 5. Nf3 b6 6. e3 Bb7 7. Be2 a5 8. b5 d5 9. cxd5 Bxd5 10. 0-0 c5 11. Nc3 Bb7 12. Ne5 Nbd7 13. Nc4 Qc7 14. Bf3 Rad8 15. Bxb7 Qxb7 16. Qf3 Qxf3 17. gxf3 e6 18. Na4 Rb8 19. Bxf6 Bxf6 20. Rab1 Rfd8 21. f4 Be7 22. Kg2 Rb7 23. Kf3 Rdb8 24. Ke2 Bf6 25. h3 e5 26. f5 Kg7 27. Rg1 Bd8 28. Nd6 Ra7 29. Nc3 Nf6 30. Nce4 Nxe4 31. Nxe4 Rd7 32. Rg4 Be7 33. a4 Rbd8 34. Rb3 Kf8 35. f6 Bd6 36. Rc3 h5 37. Rg1 Bc7 38. Rgc1 Bd6 39. R1c2 Kg8 40. Rc1 Kf8 41. Rd3 Kg8 42. Rd5 Bc7 43. Rxd7 Rxd7 44. Rc3 Kf8 45. Rd3 Rxd3 46. Kxd3 Ke8 47. Kc4 Kd7 48. Kd5 Bb8 49. Ng5 Ke8 50. Kc6 e4 51. Nxe4 1-0